<?xml version="1.0" encoding="UTF-8"?><?xml-stylesheet type="text/xsl" href="static/style.xsl"?><OAI-PMH xmlns="http://www.openarchives.org/OAI/2.0/" xmlns:xsi="http://www.w3.org/2001/XMLSchema-instance" xsi:schemaLocation="http://www.openarchives.org/OAI/2.0/ http://www.openarchives.org/OAI/2.0/OAI-PMH.xsd"><responseDate>2026-04-27T20:24:01Z</responseDate><request verb="GetRecord" identifier="oai:uvadoc.uva.es:10324/7611" metadataPrefix="marc">https://uvadoc.uva.es/oai/request</request><GetRecord><record><header><identifier>oai:uvadoc.uva.es:10324/7611</identifier><datestamp>2025-02-13T12:45:20Z</datestamp><setSpec>com_10324_38</setSpec><setSpec>col_10324_852</setSpec></header><metadata><record xmlns="http://www.loc.gov/MARC21/slim" xmlns:doc="http://www.lyncode.com/xoai" xmlns:xsi="http://www.w3.org/2001/XMLSchema-instance" xmlns:dcterms="http://purl.org/dc/terms/" xsi:schemaLocation="http://www.loc.gov/MARC21/slim http://www.loc.gov/standards/marcxml/schema/MARC21slim.xsd">
<leader>00925njm 22002777a 4500</leader>
<datafield tag="042" ind1=" " ind2=" ">
<subfield code="a">dc</subfield>
</datafield>
<datafield tag="720" ind1=" " ind2=" ">
<subfield code="a">Sáenz López, Aitor</subfield>
<subfield code="e">author</subfield>
</datafield>
<datafield tag="260" ind1=" " ind2=" ">
<subfield code="c">2014</subfield>
</datafield>
<datafield tag="520" ind1=" " ind2=" ">
<subfield code="a">Este Trabajo de Fin de Grado busca el estudio y comprensión de la electricidad y sus fenómenos. A través de las nuevas tecnologías se ha pretendido generar interés en los alumnos por este tema. Si un alumno realiza una actividad experimental, la probabilidad de aprendizaje significativo se multiplica de forma considerable. Por ello y a través de una plataforma web, los alumnos van a poder aumentar sus conocimientos sobre qué es la electricidad estática o realizar de manera autónoma un circuito eléctrico. La finalidad de la propuesta de intervención es motivar el descubrimiento y la autonomía dentro del aula, pero también fuera de la misma. La electricidad forma parte de nuestro entorno y nuestras vidas, debemos conocerla, comprenderla y valorarla.</subfield>
</datafield>
<datafield tag="024" ind2=" " ind1="8">
<subfield code="a">http://uvadoc.uva.es/handle/10324/7611</subfield>
</datafield>
<datafield ind1=" " ind2=" " tag="653">
<subfield code="a">Electricidad - Estudio y Enseñanza</subfield>
</datafield>
<datafield tag="245" ind1="0" ind2="0">
<subfield code="a">Electricidad, ¡qué descubrimiento! Carga y corriente: propuesta de intervención en Educación Primaria</subfield>
</datafield>
</record></metadata></record></GetRecord></OAI-PMH>